01325nab a22002537a 4500999001500000003000400015005001700019008004100036040000700077100003700084245018100121300001300302500003800315505021300353505013300566650002800699650004500727650002300772650003900795650003300834650003500867773015600902942001301058 c6247d6247OSt20260127202858.0190514b xxu||||| |||| 00| 0 spa d cPJ 96959aMiguel, Sandra Verónica 10aIdentidad de género, autonomía progresiva y control de constitucionalidad :ba propósito del fallo "V. A. E. c. OSECAC s/ amparo ley 19.686" /cSandra Verónica Miguel.  ap. 56-64 aCita: TR LALEY AR/DOC/2139/2025.  aSumario: I. Introducción.— II. Marco normativo.— III. Relato de los hechos. Cuestión controversial.— IV. La identidad de género en los niños, niñas y adolescentes.— V. Conclusiones finales.  tFallo comentado: JFed., Paraná Nro 2 ~ 16/04/2025 ~ V. A. E., en la representación invocada c. OSECAC s/ amparo ley 16.986. 09967aDERECHO DE FAMILIA 094305aDERECHO A LA IDENTIDAD DE GÉNERO 095662aADOLESCENTES 09755aCONTROL DE CONSTITUCIONALIDAD 094691aAUTONOMÍA PROGRESIVA 091057aJURISPRUDENCIA APLICABLE0 0284493222dBuenos Aires : AbeledoPerrot, 1989-tDerecho de familia. Revista Interdisciplinaria de doctrina y jurisprudencia. Octubre 2025-V.z18511201 2udccANA